Minecraft Mineshaft Loot - Statistics

General Stats
  • This quiz has been taken 27 times
  • The average score is 12 of 21
Answer Stats
Answer % Correct
Diamond
90%
Coal
75%
Gold Ingot
70%
Rails
70%
Iron Ingot
65%
Iron Pickaxe
60%
Lapis Lazuli
60%
Powered Rail
60%
Torch
60%
Enchanted Golden Apple
55%
Golden Apple
55%
Name Tag
55%
Activator Rail
50%
Detector Rail
50%
Enchanted Book
50%
Glow Berries
50%
Melon Seeds
50%
Pumpkin Seeds
50%
Beetroot Seeds
45%
Redstone Dust
45%
Bread
35%
No matching quizzes found
Score Distribution
Percent of People with Each Score
Percentile by Number Answered
Your Score History
You have not taken this quiz